[Event "Perth op"]
[Site "Perth"]
[Date "2023.01.05"]
[Round "5"]
[White "Hardegen, Kathryn"]
[Black "Li, Tedric"]
[Result "0-1"]
[WhiteElo "1887"]
[BlackElo "1688"]
[PlyCount "120"]
[EventDate "2023.01.02"]
[EventType "swiss"]
[EventRounds "11"]
[EventCountry "AUS"]
[SourceTitle "CBM 212 Extra"]
[Source "ChessBase"]
[SourceDate "2023.03.31"]
[SourceVersion "1"]
[SourceVersionDate "2023.03.31"]
[SourceQuality "1"]

1. d4 Nf6 2. Nf3 g6 3. Bf4 Bg7 4. h3 0-0 5. e3 d6 6. Be2 c5 7. c3 Nc6 8. 0-0 Qb6 9. Qb3 Be6 10. Qxb6 axb6 11. a3 Rfe8 12. Nbd2 Bd5 13. Bb5 Red8 14. Bg5 Bxf3 15. Nxf3 Rac8 16. Rad1 h6 17. Bf4 Nd7 18. Bg3 e5 19. dxc5 Nxc5 20. Rfe1 f5 21. Bc4+ Kh7 22. Bd5 Ne7 23. h4 e4 24. Nh2 Nd3 25. Rxd3 exd3 26. Bxb7 Rc5 27. Rd1 Be5 28. Rxd3 Bxg3 29. fxg3 d5 30. b4 Rc7 31. Ba6 Ra8 32. b5 Rc4 33. Nf3 Ra7 34. Nd4 Rac7 35. Nc6 Nxc6 36. bxc6 R4xc6 37. Rxd5 Rxc3 38. a4 Rxe3 39. h5 Rxg3 40. hxg6+ Rxg6 41. Rxf5 Rc2 42. Bb7 Kg7 43. a5 Rc1+ 44. Kf2 Rf6 45. Rxf6 Kxf6 46. a6 Ra1 47. Ke3 Ke5 48. Kd3 Ra4 49. Kc3 Kd6 50. Kb3 b5 51. Kc3 Kc5 52. Kb3 Kb6 53. Kc3 h5 54. Kb3 h4 55. Kc3 Rxa6 56. Bxa6 Kxa6 57. Kb3 Kb6 58. Kb4 Kc6 59. Kb3 Kd5 60. Kb4 Ke4 0-1

[Event "Perth op"]
[Site "Perth"]
[Date "2023.01.05"]
[Round "6"]
[White "Ho, Lachlan"]
[Black "Hardegen, Kathryn"]
[Result "1-0"]
[WhiteElo "1703"]
[BlackElo "1887"]
[PlyCount "81"]
[EventDate "2023.01.02"]
[EventType "swiss"]
[EventRounds "11"]
[EventCountry "AUS"]
[SourceTitle "CBM 212 Extra"]
[Source "ChessBase"]
[SourceDate "2023.03.31"]
[SourceVersion "1"]
[SourceVersionDate "2023.03.31"]
[SourceQuality "1"]

1. e4 e5 2. Nf3 Nf6 3. Nc3 d6 4. Bc4 Bg4 5. d3 Be7 6. Be3 c6 7. h3 Bh5 8. g4 Bg6 9. Qd2 0-0 10. g5 Nh5 11. Nh4 b5 12. Bb3 a5 13. a4 b4 14. Ne2 d5 15. Nxg6 hxg6 16. d4 exd4 17. Qxd4 Nd7 18. exd5 c5 19. Qd2 Ne5 20. 0-0-0 Nf3 21. Qd3 Bxg5 22. Kb1 Ne5 23. Qb5 Bxe3 24. fxe3 c4 25. d6 cxb3 26. Qxe5 bxc2+ 27. Kxc2 Re8 28. Qd4 Qd7 29. b3 Rad8 30. e4 Qc6+ 31. Qc4 Rxd6 32. Rxd6 Qxd6 33. Rd1 Qe5 34. Rd5 Qxe4+ 35. Qxe4 Rxe4 36. Kd3 Rxe2 37. Rd8+ Kh7 38. Kxe2 Nf4+ 39. Kf3 Nxh3 40. Rd5 f5 41. Rxa5 1-0

[Event "Oceania zt 3.6 (Women)"]
[Site "Auckland"]
[Date "2017.01.19"]
[Round "8"]
[White "Hardegen, Kathryn"]
[Black "Punsalan, Vyanla M"]
[Result "1-0"]
[WhiteElo "1797"]
[BlackElo "1782"]
[PlyCount "53"]
[EventDate "2017.01.14"]
[EventType "swiss"]
[EventRounds "9"]
[EventCountry "NZL"]
[SourceTitle "CBM 176 Extra"]
[Source "ChessBase"]
[SourceDate "2017.03.02"]
[SourceVersion "1"]
[SourceVersionDate "2017.03.02"]
[SourceQuality "1"]

1. d4 d5 2. c4 c6 3. Nc3 Nf6 4. Nf3 Nbd7 5. e3 g6 6. Be2 Bg7 7. Qc2 0-0 8. 0-0 Re8 9. e4 dxe4 10. Nxe4 Nxe4 11. Qxe4 e5 12. d5 Nf6 13. Qc2 cxd5 14. cxd5 Bf5 15. Qb3 Qc7 16. Be3 Be4 17. Rac1 Qd8 18. Rfd1 Bf8 19. d6 Bd5 20. Rxd5 Nxd5 21. Qxd5 Qxd6 22. Qxb7 Rab8 23. Qxa7 Rxb2 24. Bf1 Reb8 25. h4 R2b7 26. Qa5 Rb5 27. Bxb5 1-0

[Event "Oceania zt 3.6 (Women)"]
[Site "Auckland"]
[Date "2017.01.16"]
[Round "4"]
[White "Hardegen, Kathryn"]
[Black "Lane, Nancy"]
[Result "1-0"]
[WhiteElo "1797"]
[BlackElo "1902"]
[PlyCount "81"]
[EventDate "2017.01.14"]
[EventType "swiss"]
[EventRounds "9"]
[EventCountry "NZL"]
[SourceTitle "EXT 2018"]
[Source "ChessBase"]
[SourceDate "2017.10.13"]
[SourceVersion "1"]
[SourceVersionDate "2017.10.13"]
[SourceQuality "1"]

1. d4 d5 2. c4 c6 3. Nc3 Nf6 4. Nf3 e6 5. e3 Bd6 6. Qc2 Nbd7 7. g4 dxc4 8. e4 e5 9. g5 Nh5 10. Bxc4 b5 11. Bd3 0-0 12. dxe5 Nxe5 13. Nxe5 Bxe5 14. Ne2 Qd6 15. Be3 Be6 16. 0-0-0 Qc7 17. Kb1 a5 18. Rhf1 Bh3 19. f4 Bxf1 20. Rxf1 Bd6 21. e5 Bb4 22. Bxh7+ Kh8 23. Be4 Rad8 24. g6 f6 25. Ng3 Nxf4 26. Bxf4 fxe5 27. Qe2 Rxf4 28. Qh5+ Kg8 29. Qh7+ Kf8 30. Rxf4+ exf4 31. Qh8+ Ke7 32. Qxg7+ Ke6 33. Qxc7 Rd1+ 34. Kc2 Rd2+ 35. Kc1 fxg3 36. Qxg3 Rd4 37. g7 Rxe4 38. g8Q+ Ke7 39. Qc7+ Kf6 40. Qgf7+ Kg5 41. Qg3+ 1-0

[Event "Oceania zt 3.6 (Women)"]
[Site "Auckland"]
[Date "2017.01.15"]
[Round "3"]
[White "Yao, Licia"]
[Black "Hardegen, Kathryn"]
[Result "1/2-1/2"]
[WhiteElo "1687"]
[BlackElo "1797"]
[PlyCount "55"]
[EventDate "2017.01.14"]
[EventType "swiss"]
[EventRounds "9"]
[EventCountry "NZL"]
[SourceTitle "EXT 2018"]
[Source "ChessBase"]
[SourceDate "2017.10.13"]
[SourceVersion "1"]
[SourceVersionDate "2017.10.13"]
[SourceQuality "1"]

1. d4 d5 2. c4 c6 3. Nf3 Nf6 4. e3 a6 5. b3 Bg4 6. Be2 e6 7. 0-0 Nbd7 8. Bb2 Bd6 9. Nbd2 0-0 10. Qc2 Ne4 11. Nxe4 dxe4 12. Qxe4 Bf5 13. Qh4 f6 14. g4 Bg6 15. Nd2 Qa5 16. Nf3 Rae8 17. c5 Bb8 18. a3 e5 19. b4 Qd8 20. Bc4+ Bf7 21. Bxf7+ Rxf7 22. dxe5 Nxe5 23. Nxe5 Bxe5 24. Rad1 Rd7 25. Rxd7 Qxd7 26. Bxe5 Rxe5 27. Qg3 Qd2 28. Qf3 1/2-1/2

[Event "Oceania zt 3.6 (Women)"]
[Site "Auckland"]
[Date "2017.01.14"]
[Round "1"]
[White "Chen, Paula"]
[Black "Hardegen, Kathryn"]
[Result "0-1"]
[WhiteElo "1279"]
[BlackElo "1797"]
[PlyCount "100"]
[EventDate "2017.01.14"]
[EventType "swiss"]
[EventRounds "9"]
[EventCountry "NZL"]
[SourceTitle "EXT 2018"]
[Source "ChessBase"]
[SourceDate "2017.10.13"]
[SourceVersion "1"]
[SourceVersionDate "2017.10.13"]
[SourceQuality "1"]

1. d4 d5 2. Nf3 Nf6 3. Bf4 c5 4. c3 Nc6 5. e3 Qb6 6. Qc2 cxd4 7. exd4 Bf5 8. Qc1 Rc8 9. Be3 Nb4 10. Na3 e6 11. Ne5 a6 12. Be2 Bg4 13. Nxg4 Nxg4 14. Bf4 Nf6 15. 0-0 Be7 16. Nc2 Nxc2 17. Qxc2 Qxd4 18. Be3 Qe5 19. Rad1 0-0 20. Bd4 Qc7 21. Bxf6 Bxf6 22. Bd3 g6 23. Rd2 b5 24. Rb1 Qa5 25. Qd1 Rc6 26. a3 Rfc8 27. h3 Bg5 28. Re2 Qb6 29. Rc2 Qc7 30. Qg4 Bh6 31. Qh4 Bg7 32. Rbc1 e5 33. f3 Bf6 34. Qg3 Qe7 35. Qf2 e4 36. fxe4 dxe4 37. Bf1 Bh4 38. Qe2 Rf6 39. Qd1 Rd8 40. Qg4 h5 41. Qe2 Rf2 42. Qe3 Rf5 43. Qe2 Qc5+ 44. Kh1 Bg5 45. Rd1 Rxd1 46. Qxd1 Qe5 47. Be2 Qg3 48. Qg1 Be3 49. Qb1 Rf2 50. Bd1 Rf1# 0-1